The next big investment boom : (Record no. 345071)
[ view plain ]
| 000 -LEADER | |
|---|---|
| fixed length control field | 00672 a2200169 4500 |
| 020 ## - INTERNATIONAL STANDARD BOOK NUMBER | |
| International Standard Book Number | 074944925X |
| 020 ## - INTERNATIONAL STANDARD BOOK NUMBER | |
| International Standard Book Number | 9780749449254 |
| 082 ## - DEWEY DECIMAL CLASSIFICATION NUMBER | |
| Classification number | 332.644 |
| Author Mark | SHI |
| 100 1# - MAIN ENTRY--PERSONAL NAME | |
| Personal name | Shipman, Mark. |
| 9 (RLIN) | 99645 |
| 245 14 - TITLE STATEMENT | |
| Title | The next big investment boom : |
| Remainder of title | learn the secrets of investing from a master and how to profit from commodities / |
| Statement of responsibility, etc. | Mark Shipman. |
| 260 ## - PUBLICATION, DISTRIBUTION, ETC. | |
| Place of publication, distribution, etc. | London : |
| Name of publisher, distributor, etc. | Kogan Page India, |
| Date of publication, distribution, etc. | 2006. |
| 300 ## - PHYSICAL DESCRIPTION | |
| Extent | 179 p. ; |
| Dimensions | 23 cm. |
| 500 ## - GENERAL NOTE | |
| General note | Paperback. |
| 856 40 - ELECTRONIC LOCATION AND ACCESS | |
| Materials specified | Amazon.com |
| Uniform Resource Identifier | <a href="http://www.amazon.com/exec/obidos/ASIN/074944925X/chopaconline-20">http://www.amazon.com/exec/obidos/ASIN/074944925X/chopaconline-20</a> |
| 856 40 - ELECTRONIC LOCATION AND ACCESS | |
| Materials specified | Amazon customer reviews |
| Uniform Resource Identifier | <a href="http://www.chopac.org/cgi-bin/tools/azrev.pl?q=074944925X">http://www.chopac.org/cgi-bin/tools/azrev.pl?q=074944925X</a> |
| 942 ## - ADDED ENTRY ELEMENTS (KOHA) | |
| Institution code [OBSOLETE] | NBS |
| Koha item type | Book |
| Call number prefix | 332.644 SHI |
| Source of classification or shelving scheme | |
| Withdrawn status | Lost status | Damaged status | Not for loan | Permanent Location | Current Location | Date acquired | Total Checkouts | Full call number | Barcode | Date last seen | Date last checked out | Price effective from | Koha item type | Public note | Source of classification or shelving scheme | Shelving location | Source of acquisition |
|---|---|---|---|---|---|---|---|---|---|---|---|---|---|---|---|---|---|
| Write Off | Central Library (CL) | Central Library (CL) | 08/28/2013 | 1 | 332.644 SHI | NBS8264 | 07/06/2015 | 07/06/2015 | 08/28/2013 | Book | No. 0908/NBS/IRC Dated: 12 June, 2012 | ||||||
| Central Library (CL) | Central Library (CL) | 10/10/2022 | 332.644 SHI | CL-D-1936 | 10/10/2022 | 10/10/2022 | Book | Chinese Studies | Donated by China Embassy |
